La novela de espionaje /

El autor hace en esta obra un recorrido por la literatura universal de todos los tiempos, en búsqueda del conocimiento y reconocimiento de la novela de espionaje como género. Para ello desarrolla primero los orígenes del género y se refiere, después, a los autores de espionaje, para terminar con alg...

Fuld beskrivelse

Guardado en:
Bibliografiske detaljer
Hovedforfatter: Veraldi, Gabriel (autor)
Format: Bog
Sprog:spansk
Udgivet: México : Fondo de Cultura Económica, 1986
Serier:(Colección Popular ; 303)
Fag:
Tags: Tilføj Tag
Ingen Tags, Vær først til at tagge denne postø!

MARC

LEADER 00000nam^a2200000^a^4500
001 000022305
005 20250521000000.0
009 20260310084449.97
020 |a 968-16-2409-2 
037 |a Acervo ITESO - Biblioteca 
041 |a ESP 
082 |a 809. 39358  |b VER 
100 |a Veraldi, Gabriel  |e (autor) 
245 1 3 |a La novela de espionaje /  |c G. Veraldi ; tr. por Marcos Lara. 
264 1 |a México :  |b Fondo de Cultura Económica,  |c 1986 
300 |a 183 p. 
336 |a texto  |b txt  |2 rdacontenido 
337 |a sin mediación  |b n  |2 rdamedio 
338 |a volumen  |b nc  |2 rdasoporte 
440 1 |a (Colección Popular ;  |v 303) 
500 |a Traducción de: Le roman d'espionnage 
520 |a El autor hace en esta obra un recorrido por la literatura universal de todos los tiempos, en búsqueda del conocimiento y reconocimiento de la novela de espionaje como género. Para ello desarrolla primero los orígenes del género y se refiere, después, a los autores de espionaje, para terminar con algunas conclusiones sobre el tema. 
649 |a XX 
650 |a Literatura Policíaca y de Misterio -  |x Historia y Crítica 
650 |a Espionaje y Contraespionaje en la Literatura 
910 |a Fondo General 
920 |a Impresos - Libros 
930 |a Colección General 
940 |a Literatura 
905 |a 101 
901 |a 0223050100  |b IT1  |c LIT  |i 022305  |u 20250521 
902 |a https://opac.biblio.iteso.mx/vufind/Record/000022305